000 00491nam a2200193Ia 4500
005 20250522104207.0
008 008 250516s9999 xx 000 0 eng d
020 _a9780143461159
040 _aSDCL
_beng
_cSDCL
041 _aeng
_2eng
084 _aO-,3N80, R3 LR
_qSDCL
100 _aMcfadden, Freida
_9753532
245 4 _aThe Housemaid
260 _aGurugram:
_bPenguin Random House,
_c2023.
300 _a306p.
365 _aINR
_b550
650 _aReference
942 _cTEXL
999 _c1429494
_d1429494